The Assemblies of God: (Record no. 14211)

000 -LEADER
fixed length control field 00891nam a2200217 a 4500
001 - CONTROL NUMBER
control field :::00012038$&:&@@
003 - CONTROL NUMBER IDENTIFIER
control field OkBaRHE
005 - DATE AND TIME OF LATEST TRANSACTION
control field 20000607103415.0
008 - FIXED-LENGTH DATA ELEMENTS--GENERAL INFORMATION
fixed length control field s1985 j 000 0 eng u
040 ## - CATALOGING SOURCE
Transcribing agency
100 1# - MAIN ENTRY--PERSONAL NAME
Personal name Blumhofer, Edith Waldvogel.
245 14 - TITLE STATEMENT
Title The Assemblies of God:
Remainder of title a popular history.
260 ## - PUBLICATION, DISTRIBUTION, ETC. (IMPRINT)
Place of publication, distribution, etc Springfield, MO., :
Name of publisher, distributor, etc Gospel Publishing House
Date of publication, distribution, etc c1985
300 ## - PHYSICAL DESCRIPTION
Extent 160 p. ;
Dimensions 18 cm.
650 ## - SUBJECT ADDED ENTRY--TOPICAL TERM
Topical term or geographic name as entry element Assemblies of God
General subdivision History
942 ## - ADDED ENTRY ELEMENTS (KOHA)
Source of classification or shelving scheme
Koha item type Books
Copies
Barcode Not for loan Date last seen Source of classification or shelving scheme Withdrawn status Price effective from Date acquired Copy number Permanent Location Damaged status Full call number Shelving location Lost status Koha item type
12038 2010-04-14  2010-04-142010-04-141RHEMA Bible Training College BX 8769 .B55General Stacks Books
16662 2010-04-14  2010-04-142010-04-142RHEMA Bible Training College BX 8769 .B55General Stacks Books
16663 2010-04-14  2010-04-142010-04-143RHEMA Bible Training College BX 8769 .B55General Stacks Books
16664 2010-04-14  2010-04-142010-04-144RHEMA Bible Training College BX 8769 .B55General Stacks Books